00762 2200277 4500001002100000005001500021035002500036090002100061090002100082245004300103250002700146260005400173300004300227007000300270008004100273020001800314040001700332082001500349084001700364100002000381650002200401850001200423041000800435990002100443990002000464YOGYA00000000007828620190625092701 a0010-081400000078003 aDEP 302.35 MAK p aCB-D.11 2008-6731 aPerilaku organisasi /cMakmuri Muchlas aCetakan kedua (revisi) aYogyakarta :bGadjah Mada University Press,c2008 avii, 577 halaman :bilustrasi ;c21 cmta131130s20052008yoia g ind d a979-420-597-4 aYOPDYOGbind04223a302.35 a302.35 MAK p0 aMakmuri Muchlas 4aSosial, Interaksi aYOPDYOG0 aind aCB-D.11/2008-673 a63831-PD/A.2019